BIBLIOTECA PODER JUDICIAL
Portal Judicial TDF

La recusación con causa (art. 17, CPCN) / (Registro nro. 1421)

000 -LEADER
fixed length control field 01019nam a22002417a 4500
003 - CONTROL NUMBER IDENTIFIER
control field OSt
005 - DATE AND TIME OF LATEST TRANSACTION
control field 20180910064109.0
008 - FIXED-LENGTH DATA ELEMENTS--GENERAL INFORMATION
fixed length control field 180220b xxu||||| |||| 00| 0 spa d
020 ## - INTERNATIONAL STANDARD BOOK NUMBER
International Standard Book Number 9509714526
040 ## - CATALOGING SOURCE
Transcribing agency PJ
100 ## - ASIENTO PRINCIPAL - NOMBRE DE PERSONA
9 (RLIN) 487
Personal name Chiappini, Julio Oscar
245 13 - MENCIÓN DE TÍTULO
Título propiamente dicho La recusación con causa (art. 17, CPCN) /
Mención de responsabilidad, etc Julio Chiappini.
260 ## - PUBLICATION, DISTRIBUTION, ETC. (IMPRINT)
Place of publication, distribution, etc Buenos Aires :
Date of publication, distribution, etc La Rocca,
Name of publisher, distributor, etc 1994.
300 ## - DESCRIPCION FISICA
Extent 117 p.
Dimensions 23 cm.
500 ## - NOTA GENERAL
General note Notas y citas bibliográficas a pie de algunas páginas.<br/>
504 ## - NOTA DE BIBLIOGRAFÍA, ETC.
Bibliography, etc Bibliografía: p. 115-117.
505 ## - FORMATTED CONTENTS NOTE
Formatted contents note Contenido:<br/>Parentesco -- Intereses -- Pleito pendiente -- Relación de crédito -- Denuncia o querella -- Denunca por ley de enjuiciamiento -- Defensor de litigantes -- Prejuzgamiento -- Beneficios de importancia -- Amistad -- Enemistad, odio o resentimiento.
650 #0 - ASIENTO SECUNDARIO DE MATERIA - TERMINO TEMATICO
9 (RLIN) 267
Topical term or geographic name as entry element DERECHO PROCESAL
650 #0 - ASIENTO SECUNDARIO DE MATERIA - TERMINO TEMATICO
9 (RLIN) 178
Topical term or geographic name as entry element DERECHO CONSTITUCIONAL
650 #0 - ASIENTO SECUNDARIO DE MATERIA - TERMINO TEMATICO
9 (RLIN) 2124
Topical term or geographic name as entry element RECUSACIÓN Y EXCUSACIÓN
650 #0 - ASIENTO SECUNDARIO DE MATERIA - TERMINO TEMATICO
9 (RLIN) 2125
Topical term or geographic name as entry element RECUSACIÓN CON CAUSA
942 ## - ADDED ENTRY ELEMENTS (KOHA)
Source of classification or shelving scheme
Koha item type Libros
Classification part 347.957
Item part SAH
Existencias
Withdrawn status Lost status Source of classification or shelving scheme Damaged status Not for loan Permanent Location Current Location Date acquired Full call number Barcode Date last seen Price effective from Koha item type
          Biblioteca Poder Judicial Norte Biblioteca Poder Judicial Norte 2018-09-10 347.962.6 CHI RG 3659 2024-12-01 2018-09-10 Libros
          Biblioteca Poder Judicial Sur Biblioteca Poder Judicial Sur 2018-09-10 347.962.6 CHI 2926 2018-09-10 2018-09-10 Libros

12 de Octubre 789 Ushuaia - Tel:  54(02901)441571
Horario de Atención: 8.00 a 17.00 hs. 
bibliotecaush@justierradelfuego.gov.ar
koha@justierradelfuego.gov.ar
Seguinos en nuestras redes @bibliojustdf 

Con tecnología Koha